Diseño del sistema de abastecimiento de agua potable anexo i la Playita del departamento de Granada

Con el diseño de este proyecto de agua potable se pretende que la población sea abastecida de agua de forma segura y en cantidad suficiente, reduciendo de esta manera enfermedades generadas por la escasez y/o mala calidad del agua, mejorando así el nivel de vida de los habitantes del mismo.

Bibliographic Details
Main Author: Guevara Marenco, Carmen del Socorro
Other Authors: Tutor: González Arias, Horacio
Format: Tesis Section = Libro
Language:Undetermined
Spanish
Published: Managua UNI 2020
Subjects:
LEADER 01102nam a2200265Ia 4500
008 240830s9999 xx 000 0 und d
040 |a BIBLIOTECA-RUPAP Mon 628.1 G939 
041 |a spa 
082 |a Mon 628.1 G939 
100 1 |a Guevara Marenco, Carmen del Socorro 
245 1 0 |a Diseño del sistema de abastecimiento de agua potable anexo i la Playita del departamento de Granada 
260 |a Managua  |b UNI  |c 2020 
300 |a 174 p. :il. 
500 |a Contiene: anexos y CD 
502 |a Tesis (Ingeniero Agrícola)- UNI, 2020. 
520 3 |a Con el diseño de este proyecto de agua potable se pretende que la población sea abastecida de agua de forma segura y en cantidad suficiente, reduciendo de esta manera enfermedades generadas por la escasez y/o mala calidad del agua, mejorando así el nivel de vida de los habitantes del mismo. 
650 7 |a AGUA POTABLE 
650 7 |b AGUA-ABASTECIMIENTO 
650 7 |c ESTUDIO HIDRAULICOS 
650 7 |d ESTUDIO TOPOGRAFICOS 
650 7 |e ACUIFEROS 
700 1 |a Tutor:  |b González Arias, Horacio 
942 |c BK  |2 ddc 
991 |a TESIS 
999 |c 16222